000 00789cam a2200265 4500
001 M93346
008 090401t1998 xxu||||| |||| 00| 0 eng d
035 _a(Sirsi) u87917
041 _aeng
050 _a333.0062
110 _aRoyal Institution of Chartered Surveyors
_94900
245 _aComplaints against chartered surveyors : how to pursue a complaint against a member of the RICS.
250 _a(Rev. ed.)
260 _aLondon
_bRICS
_c1998
300 _a1 folded sheet ; 30cm.
350 _a0
520 _aPublicity leaflet.
650 _aABOUT RICS-RICS MEMBERS
650 _aCOMPLAINTS PROCEDURES
650 _aCOMPLAINTS
650 _aPROFESSIONAL CONDUCT
690 _aMANAGEMENT-BUSINESS MANAGEMENT-PROFESSIONAL PRACTICE
942 _n0
948 _c10/08/1998
999 _c97281
_d97281